| 000 | 00976nam a2200253 i 4500 | ||
|---|---|---|---|
| 001 | 91946 | ||
| 003 | ES-MaACL | ||
| 005 | 20230906180848.0 | ||
| 007 | t| | ||
| 008 | 050309s2003 sp |||| | spa d | ||
| 020 | _a84-9750-157-8 | ||
| 080 | _a821.134.2 Pardo Bazán, Emilia 1.07 | ||
| 100 | 1 |
_aAlas, Leopoldo _d1852-1901 _9226375 |
|
| 245 | 1 | 0 |
_aClarín, crítico de Emilia Pardo Bazán / _c[selección de] Ermitas Penas. |
| 260 |
_aSantiago de Compostela : _bUniversidade de Santiago Compostela, Servicio de Publicacións e Intercambio Científico, _c2003. |
||
| 300 |
_a232 p. ; _c24 cm. |
||
| 490 | 1 |
_aColección Lalia. Serie Maior ; _v17 |
|
| 600 | 1 | 4 |
_aPardo Bazán, Emilia, _cCondesa de, _d1851-1921- _xCrítica e interpretación _988986 |
| 700 | 1 |
_aPenas, Ermitas. _990150 |
|
| 710 | 2 |
_aUniversidad de Santiago de Compostela. _97294 |
|
| 830 | 0 |
_aColección Lalia. Serie Maior ; _v17 _9176444 |
|
| 852 |
_aES-MaACL _jL-29002 |
||
| 999 |
_c91946 _d91946 |
||